书目信息 |
| 题名: |
农牧废弃物处理与利用
|
|
| 作者: | 魏章焕 主编 | |
| 分册: | ||
| 出版信息: | 北京 中国农业科学技术出版社 2016 |
|
| 页数: | 238页 | |
| 开本: | 21cm | |
| 丛书名: | ||
| 单 册: | ||
| 中图分类: | X71 | |
| 科图分类: | ||
| 主题词: | 农业废物--废物处理 , 畜牧业--废物处理 , 农业废物--废物综合利用 , 畜牧业--废物综合利用 | |
| 电子资源: | ||
| ISBN: | 978-7-5116-2489-5 | |
| 000 | 00861nam0 2200253 450 | |
| 001 | 3691 | |
| 005 | 20160927091745.39 | |
| 010 | @a978-7-5116-2489-5@b平装@dCNY35.00 | |
| 100 | @a20160331d2016 em y0chiy50 ea | |
| 101 | 0 | @achi |
| 102 | @aCN@b110000 | |
| 105 | @aa z 000yy | |
| 200 | 1 | @a农牧废弃物处理与利用@9nong mu fei qi wu chu li yu li yong@f魏章焕主编 |
| 210 | @a北京@c中国农业科学技术出版社@d2016 | |
| 215 | @a238页@c图@d21cm | |
| 330 | @a本书共分五章,概述了农牧废弃物对生态环境的影响;同时分述了农作物秸秆资源、畜禽粪污、农业包装废弃物、农产品加工废弃物的处理与利用。 | |
| 606 | 0 | @a农业废物@x废物处理 |
| 606 | 0 | @a畜牧业@x废物处理 |
| 606 | 0 | @a农业废物@x废物综合利用 |
| 606 | 0 | @a畜牧业@x废物综合利用 |
| 690 | @aX71@v5 | |
| 701 | 0 | @a魏章焕@9wei zhang huan@4主编 |
| 801 | 0 | @aCN@b唐山师范学院图书馆@c20151001 |
| 905 | @aZUCC@dX71@e202 | |
| 农牧废弃物处理与利用/魏章焕主编.-北京:中国农业科学技术出版社,2016 |
| 238页:图;21cm |
| ISBN 978-7-5116-2489-5(平装):CNY35.00 |
| 本书共分五章,概述了农牧废弃物对生态环境的影响;同时分述了农作物秸秆资源、畜禽粪污、农业包装废弃物、农产品加工废弃物的处理与利用。 |
| ● |
| 相关链接 |
|
|
|
|
正题名:农牧废弃物处理与利用
索取号:X71/202
 
预约/预借
| 序号 | 登录号 | 条形码 | 馆藏地/架位号 | 状态 | 备注 |
| 1 | 906308 | 209063083 | 第二样本阅览室/ [索取号:X71/202] | 在馆 | |
| 2 | 906309 | 209063092 | 密集书库-化学系/ [索取号:X71/202] | 在馆 | |
| 3 | 906310 | 209063109 | 第三借阅区/ [索取号:X71/202] | 在馆 | |
| 4 | 906311 | 209063118 | 第三借阅区/ [索取号:X71/202] | 在馆 | |
| 5 | 906312 | 209063127 | 第三借阅区/ [索取号:X71/202] | 在馆 |